01080naa a22001931i 45000010005000000030009000050050017000140080041000310400016000720800018000881000130001062450150002365000028003866500015004146500012004297000122004417730182005637110141007458500KOSZ 00520180220152602.0170622s2003 pol||||f |||| 10| 0 pol d cKOSZ 005/ac a004.021:510.51 aSŁOWIK, Adam.d2005 - .bPolitechnika Koszalińska - Wydział Elektroniki i Informatyki,cKatedra Inżynierii Komputerowej10aAlgorytm ewolucyjny kontra metoda Parks'a-McClenllan'a w projektowaniu filtrów cyfrowych FIR - porównanie /cAdam Słowik, Marian Kopczewski. aDane z listy A.Słowik. 4aAlgorytmy. 4aFiltry.1 aKOPCZEWSKI, Marian.d1997 - .bPolitechnika Koszalińska - Wydział Elektroniki,cKatedra Systemów Elektronicznych0 iW :tMetody i systemy komputerowe w badaniach naukowych i projektowaniu inżynierskim : IV Krajowa Konferencja. - dKraków : Akademia Górniczo-Hutnicza, 2003. -gs. 743-74722aKrajowa Konferencja Metody i Systemy Komputerowe w Badaniach Naukowych i Projektowaniu Inżynierskimn(4 ;d2003 ;cKraków, Polska ).